| 000 | 00712nam a22002417a 4500 | ||
|---|---|---|---|
| 003 | EC-GqESP | ||
| 005 | 20250917094304.0 | ||
| 008 | 250917b |||||||| |||| 00| 0 eng d | ||
| 020 | _a978-84-9171-481-1 | ||
| 041 | _aesp | ||
| 082 |
_a621.81 _pFER |
||
| 100 | _aFernández Concellón, Pedro José | ||
| 245 |
_aElementos de máquinas _c Pedro José Fernández Concellón |
||
| 250 | _aPrimera edición | ||
| 260 |
_aMadrid _bSíntesis _c2020 |
||
| 300 |
_a296 páginas _bilustraciones _c26 cm. |
||
| 650 | _aIngeniería mecatrónica | ||
| 650 | _aSistemas microelectromecánicos | ||
| 650 | _aFabricación mecánica | ||
| 650 | _aMantenimiento industrial | ||
| 902 |
_aLibro _cImpreso |
||
| 942 | _c01 | ||
| 999 |
_c238138 _d238138 |
||